[Event "Seattle Seafair Open"]
[Site "Chess.com"]
[Date "2020.07.18"]
[Round "?"]
[White "Tameling, Cole"]
[Black "Hamlett, James"]
[Result "0-1"]
[WhiteElo "440"]
[BlackElo "1561"]
[PlyCount "82"]
[EventDate "2020.??.??"]

1. f4 e6 2. Nf3 Nf6 3. e3 b6 4. d4 Bb7 5. Bd3 c5 6. O-O Nc6 7. c3 d5 8. Ne5 Bd6
9. Bb5 Qc7 10. Nd2 a6 11. Bd3 O-O-O 12. Ndf3 Bxe5 13. fxe5 Nd7 14. Ng5 Ndxe5
15. dxe5 Nxe5 16. Bxh7 g6 17. Bd2 f5 18. Be1 Rxh7 19. Nxh7 Qxh7 20. Bg3 Nc4 21.
Re1 Qh6 22. Bf4 g5 23. Bg3 f4 24. exf4 gxf4 25. Bf2 Rh8 26. h3 Rg8 27. Kh2 d4
28. g4 Nxb2 29. Qc2 Rxg4 30. Rg1 Rxg1 31. Rxg1 Nc4 32. cxd4 Ne3 33. Bxe3 fxe3
34. dxc5 Qf4+ 35. Rg3 b5 36. c6 Ba8 37. Kg2 Kc7 38. Rg7+ Kb6 39. Rg6 Bxc6+ 40.
Kg1 Qf3 41. Qh2 Qd1# 0-1

[Event "Seattle Seafair Open"]
[Site "Chess.com"]
[Date "2020.07.19"]
[Round "?"]
[White "Tameling, Cole"]
[Black "Boey, Chad"]
[Result "0-1"]
[WhiteElo "440"]
[BlackElo "1496"]
[PlyCount "48"]
[EventDate "2020.??.??"]

1. f4 Nf6 2. Nf3 d6 3. e3 Nbd7 4. d4 c5 5. Bd3 cxd4 6. exd4 e6 7. O-O Qc7 8. g4
Nxg4 9. f5 Ndf6 10. h3 Nh6 11. Ng5 Nxf5 12. Bxf5 exf5 13. Qe2+ Be7 14. Nc3 a6
15. Re1 h6 16. Nf3 b5 17. Nh4 Ra7 18. Qg2 Bb7 19. Qxg7 Rg8 20. Qxg8+ Nxg8 21.
Nxf5 b4 22. Na4 Qxc2 23. Nxd6+ Kd7 24. Nxf7 Qg2# 0-1

[Event "Seattle Seafair Open"]
[Site "Chess.com"]
[Date "2020.07.18"]
[Round "?"]
[White "Tang, Austin"]
[Black "Aleksandrov, Aleksej"]
[Result "0-1"]
[WhiteElo "1852"]
[BlackElo "2708"]
[PlyCount "80"]
[EventDate "2020.??.??"]

1. e4 e5 2. Nf3 Nc6 3. Bb5 a6 4. Ba4 Nf6 5. d3 d6 6. O-O g6 7. c3 Bg7 8. h3 O-O
9. Re1 Nb8 10. d4 Nbd7 11. Bb3 b5 12. a4 Bb7 13. Nbd2 c5 14. Qe2 exd4 15. cxd4
c4 16. Bc2 Re8 17. Ra3 Qc7 18. Re3 Bh6 19. Rc3 d5 20. e5 b4 21. Re3 Bxe3 22.
Qxe3 Nh5 23. Qh6 f6 24. Bxg6 hxg6 25. Qxg6+ Ng7 26. exf6 Rxe1+ 27. Nxe1 Nxf6
28. Qxf6 Rf8 29. Qg5 Qf4 30. Ndf3 Qxg5 31. Nxg5 Re8 32. Kf1 a5 33. Nef3 c3 34.
bxc3 Ba6+ 35. Kg1 bxc3 36. h4 Rb8 37. Bf4 Rb1+ 38. Kh2 Nh5 39. Be3 Nf6 40. Ne5
Re1 0-1

[Event "Seattle Seafair Open"]
[Site "Chess.com"]
[Date "2020.07.19"]
[Round "?"]
[White "Tang, Austin"]
[Black "Devaraju, Sonia"]
[Result "1-0"]
[WhiteElo "1852"]
[BlackElo "1543"]
[PlyCount "103"]
[EventDate "2020.??.??"]

1. Nf3 d5 2. d4 Nf6 3. g3 e6 4. Bg2 c5 5. c3 Nc6 6. O-O Bd6 7. dxc5 Bxc5 8. b4
Bd6 9. Nbd2 O-O 10. a3 e5 11. c4 Be6 12. cxd5 Bxd5 13. Bb2 Re8 14. Qc2 Rc8 15.
Qb1 a6 16. Rd1 Qe7 17. e4 Be6 18. Ng5 h6 19. Nxe6 Qxe6 20. Qd3 Red8 21. Qb3 Qe7
22. Nc4 Bc7 23. Rxd8+ Rxd8 24. Rd1 Nd4 25. Qe3 Ng4 26. Qe1 b5 27. Ne3 Nf6 28.
Nd5 Nxd5 29. exd5 Qf6 30. Qe4 Bb6 31. Re1 Nb3 32. Qf3 Qxf3 33. Bxf3 Nd2 34. Bg2
Nc4 35. Bc3 Re8 36. Kf1 f6 37. Bh3 Kf8 38. Be6 Ke7 39. Ke2 Kd6 40. Ra1 Re7 41.
f3 g5 42. Kd3 Ba7 43. Ke4 Nb6 44. Rd1 Nc4 45. Rd3 Bg1 46. h3 Bf2 47. g4 Nxa3
48. Bxe5+ fxe5 49. Rxa3 Ra7 50. Bc8 a5 51. Rxa5 Rc7 52. Ra6+ 1-0

[Event "Seattle Seafair Open"]
[Site "Chess.com"]
[Date "2020.07.18"]
[Round "?"]
[White "Tang, Zoe"]
[Black "Vo, Ian"]
[Result "1/2-1/2"]
[WhiteElo "2097"]
[BlackElo "1347"]
[PlyCount "120"]
[EventDate "2020.??.??"]

1. d4 Nf6 2. Bg5 g6 3. Bxf6 exf6 4. c4 Bg7 5. Nc3 O-O 6. g3 d6 7. Bg2 Nc6 8. e3
Re8 9. Nge2 Bg4 10. h3 Bxe2 11. Nxe2 Rb8 12. O-O f5 13. Rb1 Ne7 14. b4 d5 15.
c5 c6 16. a4 a6 17. Qc2 Qd7 18. Rfd1 h5 19. h4 Kh7 20. Qd3 Ng8 21. b5 axb5 22.
axb5 Nf6 23. Rb3 Ra8 24. Rdb1 Ra7 25. b6 Ra5 26. Ra3 Rea8 27. Rba1 Rxa3 28.
Rxa3 Rxa3 29. Qxa3 Qe7 30. Nf4 Bh6 31. Qc1 Bxf4 32. exf4 Qe2 33. Bf1 Qe4 34.
Qe3 Qxe3 35. fxe3 Kg7 36. Kg2 Kf8 37. Kf3 Ke7 38. Bd3 Ke6 39. Bc2 Ke7 40. Ba4
Ke6 41. Ke2 Ke7 42. Kd3 Kd8 43. Ke2 Ke7 44. Bc2 Ke6 45. Bd3 Ke7 46. Kd1 Kd8 47.
Ke1 Ne4 48. Bxe4 fxe4 49. Kf2 Ke7 50. Kg2 Kf6 51. g4 hxg4 52. Kg3 Kf5 53. Kg2
Ke6 54. Kg3 f5 55. Kg2 Kf7 56. Kf2 Kg7 57. Kg2 Kh6 58. Kh2 Kh7 59. Kg2 Kh8 60.
Kh2 Kg7 1/2-1/2

[Event "Seattle Seafair Open"]
[Site "Chess.com"]
[Date "2020.07.19"]
[Round "?"]
[White "Tang, Zoe"]
[Black "Rodriguez, Odysseus"]
[Result "1/2-1/2"]
[WhiteElo "2097"]
[BlackElo "1499"]
[PlyCount "96"]
[EventDate "2020.??.??"]

1. d4 d5 2. c4 c6 3. cxd5 cxd5 4. Nc3 Nf6 5. Nf3 Nc6 6. Bf4 e6 7. e3 Nh5 8. Bg3
Nxg3 9. hxg3 Be7 10. Bd3 h6 11. a3 f6 12. Bg6+ Kf8 13. Bc2 Bd7 14. Nh4 Be8 15.
Ng6+ Bxg6 16. Bxg6 Rc8 17. Qg4 f5 18. Qh5 Bf6 19. O-O Ne7 20. Bf7 Qd7 21. Ne2
g5 22. g4 Kg7 23. gxf5 exf5 24. f3 Rhf8 25. e4 dxe4 26. Ba2 Bxd4+ 27. Kh1 Bxb2
28. Rab1 Qd2 29. fxe4 Rc2 30. Rbe1 Bxa3 31. Bb3 Rb2 32. Be6 Bc5 33. Qf3 f4 34.
Ng3 Ng6 35. Nf5+ Kf6 36. Rd1 Qxg2+ 37. Qxg2 Rxg2 38. Kxg2 Kxe6 39. Rh1 Nh4+ 40.
Nxh4 gxh4 41. Rxh4 f3+ 42. Kf1 Rf6 43. Rd5 b6 44. Rhh5 Rg6 45. Rhe5+ Kf6 46.
Rf5+ Ke6 47. Rfe5+ Kf6 48. Rf5+ Ke6 1/2-1/2

[Event "Seattle Seafair Open"]
[Site "Chess.com"]
[Date "2020.07.18"]
[Round "?"]
[White "Tang, Zoe"]
[Black "Willy, Stephen"]
[Result "1-0"]
[WhiteElo "2097"]
[BlackElo "1137"]
[PlyCount "157"]
[EventDate "2020.??.??"]

1. d4 d5 2. c4 c6 3. cxd5 cxd5 4. Nc3 Nf6 5. Nf3 Bf5 6. Qb3 e6 7. Qxb7 Nbd7 8.
Bf4 Qc8 9. Qxc8+ Rxc8 10. a3 Nh5 11. Bg3 Nxg3 12. hxg3 Bd6 13. e3 O-O 14. Bb5
Nf6 15. O-O Ne4 16. Nxe4 Bxe4 17. Rac1 Rb8 18. a4 Bxf3 19. gxf3 a6 20. Bxa6
Rxb2 21. Bb5 h6 22. Kg2 Be7 23. Rc6 Bg5 24. f4 Bf6 25. Rfc1 h5 26. Kf3 g6 27.
Rc7 Kg7 28. Rb7 Bd8 29. Bc6 Rxb7 30. Bxb7 Bb6 31. Rc6 Ba5 32. Rc5 Bb6 33. Rb5
Bc7 34. a5 Bb8 35. Rc5 Kf6 36. a6 Ke7 37. Bc8 Kd6 38. Ke2 Bc7 39. Bb7 Bb8 40.
Kd3 Ba7 41. Rc6+ Kd7 42. Rc1 Rb8 43. Kc3 Kd6 44. Kb4 Kd7 45. Kb5 Kd6 46. f3 Kd7
47. e4 Kd6 48. exd5 exd5 49. Rc6+ Kd7 50. Rf6 Ke7 51. Rb6 Rd8 52. Bc6 Bb8 53.
Rb7+ Ke6 54. a7 Bd6 55. Rd7 Rh8 56. Rxd6+ Kxd6 57. a8=Q Rxa8 58. Bxa8 f6 59.
Bb7 g5 60. fxg5 fxg5 61. Bc8 Kc7 62. Bh3 Kd6 63. Kb6 h4 64. gxh4 gxh4 65. f4
Ke7 66. Kc5 Kf6 67. Kxd5 Ke7 68. Ke5 Kf7 69. d5 Ke7 70. d6+ Kd8 71. f5 Kd7 72.
f6+ Ke8 73. d7+ Kd8 74. f7 Ke7 75. f8=Q+ Kxf8 76. d8=Q+ Kf7 77. Qf6+ Ke8 78.
Qg7 Kd8 79. Qd7# 1-0

[Event "Seattle Seafair Open"]
[Site "Chess.com"]
[Date "2020.07.19"]
[Round "?"]
[White "Tatikonda, Nihanth"]
[Black "Tang, Zoe"]
[Result "0-1"]
[WhiteElo "1226"]
[BlackElo "2097"]
[PlyCount "92"]
[EventDate "2020.??.??"]

1. d4 Nf6 2. c4 g6 3. Nc3 Bg7 4. e4 d6 5. Nf3 O-O 6. Be2 e5 7. O-O Nbd7 8. d5
a5 9. Bd2 Nc5 10. Qc2 Ne8 11. Ne1 f5 12. f3 Nf6 13. Bd3 f4 14. Be2 g5 15. Na4
Nxa4 16. Qxa4 g4 17. fxg4 Nxe4 18. Qc2 Nxd2 19. Qxd2 Qe7 20. Rb1 b6 21. b3 Kh8
22. Nc2 Qg5 23. h3 h5 24. Qd1 hxg4 25. Bxg4 Bh6 26. Na3 Rg8 27. Rb2 Bxg4 28.
Qxg4 Qxg4 29. hxg4 Rxg4 30. Nb5 Rg7 31. Rf3 Rag8 32. Rh3 Kh7 33. Nc3 Rg3 34.
Rxg3 fxg3 35. Ne4 Rf8 36. Re2 Bf4 37. Nc3 Kg6 38. Nd1 Kg5 39. Re1 Kg4 40. Rf1
Rh8 41. Re1 Rh5 42. Re4 Kf5 43. Ne3+ Kxe4 44. Ng4 Kd3 45. Nf6 Be3+ 46. Kf1 Rh1#
0-1

[Event "Seattle Seafair Open"]
[Site "Chess.com"]
[Date "2020.07.18"]
[Round "?"]
[White "Tatikonda, Nihanth"]
[Black "Tameling, Cole"]
[Result "1-0"]
[WhiteElo "1226"]
[BlackElo "440"]
[PlyCount "57"]
[EventDate "2020.??.??"]

1. d4 f5 2. c4 Nf6 3. Nc3 e6 4. e3 c6 5. Nf3 d5 6. c5 b6 7. b4 a5 8. cxb6 Qxb6
9. bxa5 Qxa5 10. Bd2 Bb4 11. Nb1 Ne4 12. Bxb4 Qxb4+ 13. Nbd2 Qb2 14. Nxe4 fxe4
15. Ne5 O-O 16. Be2 Ba6 17. Rb1 Qxa2 18. Rc1 Qb2 19. Rc2 Qb4+ 20. Qd2 Qb3 21.
O-O Bb5 22. Rb2 Qa3 23. Bxb5 cxb5 24. Rxb5 Qa1 25. h3 Ra2 26. Qe1 Qxe1 27. Rxe1
Raxf2 28. Rxb8 Rxb8 29. Kxf2 1-0

[Event "Seattle Seafair Open"]
[Site "Chess.com"]
[Date "2020.07.18"]
[Round "?"]
[White "Tien, Sophie"]
[Black "Hetamsaria, Aadi"]
[Result "1-0"]
[WhiteElo "1916"]
[BlackElo "1159"]
[PlyCount "49"]
[EventDate "2020.??.??"]

1. e4 d5 2. exd5 Qxd5 3. Nc3 Qa5 4. d4 Nf6 5. Nf3 Bg4 6. Be2 e6 7. h3 Bh5 8.
O-O Nbd7 9. Bf4 O-O-O 10. a3 Qf5 11. Bh2 Nb6 12. g4 Nxg4 13. hxg4 Qxg4+ 14. Bg3
Bd6 15. Ne5 Qg5 16. Bxh5 Bxe5 17. Ne4 Qf5 18. Bxe5 Qxe4 19. Bxf7 Qf5 20. Qh5
Qxh5 21. Bxh5 Nc4 22. Bf7 Nxb2 23. Bxe6+ Kb8 24. a4 Rhe8 25. Bb3 1-0

[Event "Seattle Seafair Open"]
[Site "Chess.com"]
[Date "2020.07.19"]
[Round "?"]
[White "Tien, Sophie"]
[Black "Szeto, Sophie"]
[Result "1-0"]
[WhiteElo "1916"]
[BlackElo "1496"]
[PlyCount "83"]
[EventDate "2020.??.??"]

1. e4 c5 2. Nf3 d6 3. Bb5+ Bd7 4. Bxd7+ Qxd7 5. O-O Nc6 6. c3 Nf6 7. Re1 g6 8.
d4 cxd4 9. cxd4 Bg7 10. Nc3 O-O 11. Bf4 Nh5 12. Be3 Rac8 13. Rc1 Na5 14. b3 Nc6
15. Qd2 Rfe8 16. Bh6 Bh8 17. Nd5 Nf6 18. Nxf6+ Bxf6 19. Qe3 e5 20. dxe5 dxe5
21. Red1 Qe7 22. h3 Nd4 23. Nh2 Bg7 24. Bxg7 Kxg7 25. Ng4 h5 26. Rxc8 Rxc8 27.
Nxe5 Qxe5 28. Rxd4 Rc2 29. a4 b6 30. g3 Qc5 31. b4 Qc6 32. a5 bxa5 33. bxa5 Ra2
34. Rd5 Qc4 35. Kg2 a6 36. Rc5 Qb4 37. Rc7 Ra4 38. Qf3 Qxe4 39. Rxf7+ Kh6 40.
Qxe4 Rxe4 41. Rf6 Ra4 42. Rxa6 1-0

[Event "Seattle Seafair Open"]
[Site "Chess.com"]
[Date "2020.07.19"]
[Round "?"]
[White "Tien, Sophie"]
[Black "Wong-Godfrey, Emerson"]
[Result "1-0"]
[WhiteElo "1916"]
[BlackElo "1114"]
[PlyCount "99"]
[EventDate "2020.??.??"]

1. e4 e6 2. d4 c5 3. Nf3 d5 4. exd5 exd5 5. Bb5+ Nc6 6. O-O Nf6 7. Ne5 Qb6 8.
Qe2 Be6 9. Be3 Be7 10. c3 O-O 11. Bxc6 bxc6 12. dxc5 Bxc5 13. Bxc5 Qxc5 14. Nd2
Rfe8 15. Rfe1 Qd6 16. Qd3 Nd7 17. Ndf3 g6 18. Rad1 Nxe5 19. Nxe5 Bf5 20. Qd4
Rad8 21. b4 a5 22. bxa5 c5 23. Qh4 Ra8 24. Qf4 Re6 25. g4 Rae8 26. gxf5 Rxe5
27. Re3 Qf6 28. Rde1 Rxe3 29. Rxe3 Rxe3 30. Qxe3 d4 31. cxd4 cxd4 32. Qd3 Qd8
33. fxg6 hxg6 34. a6 Qg5+ 35. Kf1 Qc1+ 36. Ke2 Qb2+ 37. Kf3 Qxa2 38. Qb5 Kg7
39. Qc6 d3 40. Qc3+ Kh7 41. Qxd3 Qa1 42. Qc4 Kg7 43. Kg2 Kh6 44. Qc6 Qa5 45.
Qf6 Qd5+ 46. Kg3 Qc5 47. Qh8+ Kg5 48. Qh4+ Kf5 49. Qf4+ Ke6 50. Qe3+ 1-0

[Event "Seattle Seafair Open"]
[Site "Chess.com"]
[Date "2020.07.19"]
[Round "?"]
[White "Tran, Nugen"]
[Black "Chen, Angela"]
[Result "1-0"]
[WhiteElo "1047"]
[BlackElo "1421"]
[PlyCount "77"]
[EventDate "2020.??.??"]

1. d4 d5 2. c4 e6 3. Nc3 Nf6 4. Bg5 Be7 5. Nf3 Nbd7 6. e3 c6 7. Bd3 dxc4 8.
Bxc4 O-O 9. O-O Re8 10. Re1 b5 11. Bd3 Bb7 12. Qc2 h6 13. Bf4 a6 14. a3 c5 15.
Qe2 c4 16. Bc2 Rc8 17. Rad1 Qb6 18. e4 Rcd8 19. Bb1 Nb8 20. Qc2 Kf8 21. Qd2 Ng8
22. Qe3 Nc6 23. e5 Na5 24. Ne4 Nb3 25. Bc2 Na5 26. Nd6 Bxd6 27. exd6 Bd5 28.
Bh7 h5 29. Be5 f6 30. Bg3 Rd7 31. Nh4 g5 32. Bxg8 Kxg8 33. Nf5 h4 34. Bxh4 gxh4
35. Qh6 Rf8 36. Qg6+ Kh8 37. Qh6+ Kg8 38. Ne7+ Kf7 39. Qg6# 1-0

[Event "Seattle Seafair Open"]
[Site "Chess.com"]
[Date "2020.07.18"]
[Round "?"]
[White "Tran, Nugen"]
[Black "Roesch, Carson"]
[Result "0-1"]
[WhiteElo "1047"]
[BlackElo "1519"]
[PlyCount "98"]
[EventDate "2020.??.??"]

1. d4 Nf6 2. c4 g6 3. Nc3 Bg7 4. e4 d6 5. Nf3 O-O 6. Be2 e5 7. dxe5 dxe5 8. O-O
Nc6 9. Be3 Be6 10. Rc1 h6 11. h3 Nh5 12. Qxd8 Rfxd8 13. Rfd1 Nd4 14. Bxd4 exd4
15. Nd5 c6 16. Nc7 Rac8 17. Nxe6 fxe6 18. b3 Nf4 19. Bd3 e5 20. Nh2 Kf7 21. Nf1
c5 22. Ng3 Ke6 23. Ne2 Rf8 24. Nxf4+ Rxf4 25. g3 Rf7 26. Be2 Rcf8 27. Rf1 h5
28. h4 Bh6 29. Rb1 Rd7 30. Rbd1 Kd6 31. Rd3 Kc6 32. Rf3 Rxf3 33. Bxf3 d3 34.
Rd1 b5 35. cxb5+ Kxb5 36. Bg2 Kb4 37. Bh3 Rd4 38. f3 Kc3 39. Kf2 Kc2 40. Ke1
d2+ 41. Ke2 Rd3 42. f4 exf4 43. gxf4 Bxf4 44. Bf1 Re3+ 45. Kf2 Kxd1 46. Bg2 Kc1
47. e5 d1=Q 48. Be4 Qd2+ 49. Kf1 Re1# 0-1

[Event "Seattle Seafair Open"]
[Site "Chess.com"]
[Date "2020.07.18"]
[Round "?"]
[White "Vega, Isaac"]
[Black "Chan, Skylor"]
[Result "0-1"]
[WhiteElo "1972"]
[BlackElo "1077"]
[PlyCount "120"]
[EventDate "2020.??.??"]

1. e4 c5 2. Nc3 d6 3. f4 Nf6 4. Nf3 Nc6 5. Bb5 Bd7 6. Bc4 g6 7. O-O Bg7 8. e5
dxe5 9. fxe5 Ng4 10. Bxf7+ Kxf7 11. e6+ Kg8 12. exd7 Qxd7 13. d3 Bd4+ 14. Kh1
Nf2+ 15. Rxf2 Bxf2 16. Ne4 Bd4 17. c3 Bg7 18. Qb3+ e6 19. Nxc5 Qd5 20. Nxe6
Qxb3 21. axb3 Re8 22. Nc5 b6 23. Ne4 a5 24. Be3 b5 25. Bg5 h6 26. Bf6 Re6 27.
Bxg7 Kxg7 28. Kg1 Rb8 29. Kf2 a4 30. bxa4 bxa4 31. Ra2 Ne7 32. Nc5 Reb6 33.
Nxa4 Ra6 34. Nd4 Nd5 35. g3 Rba8 36. b3 Nxc3 37. Nxc3 Rxa2+ 38. Nxa2 Rxa2+ 39.
Ke3 Rxh2 40. b4 Rb2 41. b5 h5 42. Kf4 Kf6 43. Ke4 Kg5 44. Kf3 Rb1 45. Ne6+ Kf5
46. Nc7 Rb2 47. d4 Rc2 48. b6 Rc3+ 49. Kf2 Rb3 50. Nd5 Rb5 51. Ne7+ Kg4 52. Nc8
Kh3 53. Kf3 g5 54. Ke4 Kxg3 55. d5 h4 56. d6 h3 57. Ne7 h2 58. Nf5+ Kf2 59. d7
h1=Q+ 60. Kd4 Qd5+ 0-1

[Event "Seattle Seafair Open"]
[Site "Chess.com"]
[Date "2020.07.18"]
[Round "?"]
[White "Vega, Isaac"]
[Black "Tatikonda, Nihanth"]
[Result "1-0"]
[WhiteElo "1972"]
[BlackElo "1226"]
[PlyCount "95"]
[EventDate "2020.??.??"]

1. e4 c5 2. Nc3 Nc6 3. f4 d6 4. Nf3 g6 5. Bb5 Bg7 6. O-O a6 7. Bxc6+ bxc6 8. d3
Nf6 9. Qe1 Bg4 10. b3 Bxf3 11. Rxf3 O-O 12. Bb2 e6 13. e5 Nd5 14. Ne4 Nb4 15.
Rf2 c4 16. Qxb4 a5 17. Qxd6 Qxd6 18. Nxd6 cxd3 19. cxd3 Rfd8 20. Rc1 a4 21.
Rxc6 axb3 22. axb3 Rab8 23. Rfc2 h5 24. Rc8 Kh7 25. Rxd8 Rxd8 26. d4 Rb8 27.
Rc7 Rxb3 28. Bc3 Rb1+ 29. Kf2 Rc1 30. Nxf7 Rc2+ 31. Kf3 h4 32. Ng5+ Kh6 33.
Nxe6 h3 34. gxh3 Rxh2 35. Nxg7 Rxh3+ 36. Ke4 g5 37. Nf5+ Kg6 38. Rg7+ Kh5 39.
Rh7+ Kg4 40. Rxh3 Kxh3 41. fxg5 Kg4 42. g6 Kh5 43. g7 Kg4 44. g8=Q+ Kh5 45.
Ng3+ Kh4 46. Ne2 Kh5 47. Nf4+ Kh4 48. Be1# 1-0

[Event "Seattle Seafair Open"]
[Site "Chess.com"]
[Date "2020.07.19"]
[Round "?"]
[White "Vega, Isaac"]
[Black "Shapiro, Michael"]
[Result "1-0"]
[WhiteElo "1972"]
[BlackElo "1502"]
[PlyCount "57"]
[EventDate "2020.??.??"]

1. e4 e5 2. Nf3 Nc6 3. Bb5 a6 4. Ba4 Nf6 5. O-O Be7 6. Re1 b5 7. Bb3 d6 8. c3
O-O 9. h3 Bb7 10. d4 Na5 11. Bc2 exd4 12. cxd4 d5 13. e5 Ne4 14. Nbd2 Nxd2 15.
Qxd2 Nc4 16. Qd3 g6 17. Bh6 Re8 18. b3 Nb6 19. Qd2 Bf8 20. Bxf8 Rxf8 21. Qh6 f6
22. Bxg6 hxg6 23. Qxg6+ Kh8 24. Qh5+ Kg8 25. Nh4 Rf7 26. Re3 Rg7 27. exf6 Qxf6
28. Rae1 Rf7 29. Rf3 1-0

[Event "Seattle Seafair Open"]
[Site "Chess.com"]
[Date "2020.07.18"]
[Round "?"]
[White "Vemparala, Nikash"]
[Black "Raptis, Nick"]
[Result "0-1"]
[WhiteElo "1684"]
[BlackElo "2393"]
[PlyCount "52"]
[EventDate "2020.??.??"]

1. e4 e6 2. d4 d5 3. exd5 exd5 4. Nf3 Nc6 5. Bd3 Bd6 6. c3 Nge7 7. O-O O-O 8.
Nbd2 Ng6 9. b3 Nf4 10. Bc2 Qf6 11. Bb2 Qh6 12. g3 Bg4 13. c4 Rae8 14. cxd5 Nb4
15. h4 Nbd3 16. Bxd3 Nxd3 17. Bc3 Qh5 18. Kg2 Qxd5 19. Nc4 Qe4 20. Ne3 Nf4+ 21.
gxf4 Qxf4 22. Nxg4 Qxg4+ 23. Kh1 Qh3+ 24. Kg1 Re4 25. Ne5 Rxh4 26. Qf3 Qh2# 0-1

[Event "Seattle Seafair Open"]
[Site "Chess.com"]
[Date "2020.07.19"]
[Round "?"]
[White "Vemparala, Nikash"]
[Black "Gao, Daniel"]
[Result "1/2-1/2"]
[WhiteElo "1684"]
[BlackElo "1078"]
[PlyCount "119"]
[EventDate "2020.??.??"]

1. e4 c6 2. d4 d5 3. exd5 cxd5 4. Nf3 Nc6 5. Bd3 Nf6 6. c3 Bg4 7. h3 Bh5 8. Bf4
e6 9. Nbd2 Be7 10. Qc2 O-O 11. O-O Rc8 12. a3 a6 13. Rac1 b5 14. b4 Qb6 15. Qb1
a5 16. Ne5 Bg6 17. Nb3 axb4 18. axb4 Nxe5 19. Bxe5 Ne4 20. f3 Nd6 21. Bxd6 Bxd6
22. Nc5 Rfe8 23. Bxg6 hxg6 24. f4 Qc7 25. Nd3 Qb6 26. Kh1 Rc6 27. Qb2 Qc7 28.
Qd2 Rc8 29. Nc5 Ra8 30. Rf3 Rb8 31. Ra1 Rcb6 32. Qc1 Rc8 33. Qf1 Rd8 34. Ra5
Qc6 35. Rf2 Ra8 36. Rfa2 Rbb8 37. g3 Bxc5 38. bxc5 Rxa5 39. Rxa5 b4 40. Qb1 Qb7
41. Qxb4 Qxb4 42. cxb4 Rxb4 43. c6 Rb8 44. Rc5 Kf8 45. Kg2 Ke7 46. Ra5 Rc8 47.
Ra7+ Ke8 48. Ra6 Rc7 49. Kf3 Ke7 50. Ke3 Kd6 51. Kd3 Rxc6 52. Ra7 Rc7 53. Ra6+
Ke7 54. Ra5 Kf6 55. g4 g5 56. f5 exf5 57. Rxd5 f4 58. Rf5+ Kg6 59. d5 Rd7 60.
Kd4 1/2-1/2

[Event "Seattle Seafair Open"]
[Site "Chess.com"]
[Date "2020.07.19"]
[Round "?"]
[White "Vo, Ian"]
[Black "Gottumukkala, Anath"]
[Result "1/2-1/2"]
[WhiteElo "1347"]
[BlackElo "1785"]
[PlyCount "133"]
[EventDate "2020.??.??"]

1. Nf3 Nf6 2. g3 g6 3. Bg2 Bg7 4. d4 O-O 5. O-O d6 6. c4 Nbd7 7. Nc3 e5 8. Bg5
h6 9. Bxf6 Bxf6 10. e3 Bg7 11. a4 a5 12. Nb5 exd4 13. Nfxd4 Ne5 14. f4 Nxc4 15.
Qc1 d5 16. b3 c5 17. bxc4 cxd4 18. exd4 dxc4 19. Qxc4 Be6 20. Qd3 Rc8 21. Rac1
Qd7 22. d5 Rfd8 23. d6 Bf8 24. Rxc8 Qxc8 25. Rd1 Bc4 26. Qc3 b6 27. Rd4 Bxb5
28. Qxc8 Rxc8 29. axb5 Rd8 30. Bc6 Rxd6 31. Rxd6 Bxd6 32. Kf1 a4 33. Ke2 a3 34.
Bd5 Kf8 35. Kd3 g5 36. fxg5 hxg5 37. Ke4 Ke7 38. Kf5 f6 39. Ke4 Be5 40. h4 Bxg3
41. h5 Kf8 42. h6 Be5 43. Kf5 Bc3 44. Bb3 Bd2 45. Kg6 f5 46. Kxf5 Ke7 47. h7
Bc3 48. Kxg5 Kd6 49. Kf4 Kc5 50. Ke4 Kb4 51. Ba2 Bh8 52. Kd3 Kxb5 53. Kc2 Kb4
54. Be6 b5 55. Bf7 Ka4 56. Bb3+ Kb4 57. Bf7 Ka4 58. Bb3+ Ka5 59. Bf7 b4 60. Kb3
Kb5 61. Be6 Kc5 62. Bf7 Bc3 63. Bg8 Kd6 64. Ka2 Ke7 65. Kb3 Kf8 66. Ka2 Kg7 67.
Kb3 1/2-1/2

[Event "Seattle Seafair Open"]
[Site "Chess.com"]
[Date "2020.07.18"]
[Round "?"]
[White "Vo, Ian"]
[Black "Levine, Joseph"]
[Result "0-1"]
[WhiteElo "1347"]
[BlackElo "2179"]
[PlyCount "50"]
[EventDate "2020.??.??"]

1. e4 e6 2. c4 d5 3. exd5 exd5 4. Nc3 d4 5. Nd5 c6 6. Qe2+ Be7 7. Nxe7 Nxe7 8.
d3 O-O 9. Qc2 Re8 10. Be2 Nf5 11. Bf4 Na6 12. O-O-O Bd7 13. g4 Nh4 14. Qd2 Ng6
15. h4 Nxf4 16. Qxf4 c5 17. g5 Nb4 18. a3 Na2+ 19. Kb1 Nc3+ 20. bxc3 Ba4 21.
Rc1 Qb6+ 22. Ka1 Qb3 23. Qd2 Qxa3+ 24. Kb1 Re6 25. Rc2 Rb6+ 0-1

[Event "Seattle Seafair Open"]
[Site "Chess.com"]
[Date "2020.07.18"]
[Round "?"]
[White "Wan, Bertrand"]
[Black "Siddem, Sid"]
[Result "1-0"]
[WhiteElo "1705"]
[BlackElo "988"]
[PlyCount "31"]
[EventDate "2020.??.??"]

1. e4 c5 2. Nf3 d6 3. d4 cxd4 4. Nxd4 Nf6 5. Nc3 a6 6. Be2 b5 7. a4 bxa4 8.
Rxa4 Bb7 9. O-O Nbd7 10. Bg5 Nxe4 11. Nxe4 Bxe4 12. Ne6 Bxc2 13. Qxc2 fxe6 14.
Bh5+ g6 15. Qxg6+ hxg6 16. Bxg6# 1-0

[Event "Seattle Seafair Open"]
[Site "Chess.com"]
[Date "2020.07.18"]
[Round "?"]
[White "Wan, Bertrand"]
[Black "Ramkumar, Aditya"]
[Result "1-0"]
[WhiteElo "1705"]
[BlackElo "1452"]
[PlyCount "79"]
[EventDate "2020.??.??"]

1. e4 c5 2. Nf3 d6 3. d4 cxd4 4. Nxd4 Nf6 5. Nc3 a6 6. Be2 e5 7. Nb3 Be6 8. O-O
Nbd7 9. f4 Bxb3 10. axb3 Be7 11. Kh1 O-O 12. f5 Nc5 13. Bf3 Rc8 14. g4 Ne8 15.
Rg1 Bg5 16. Bxg5 Qxg5 17. Qe1 Nc7 18. Rd1 Qe7 19. g5 f6 20. Qh4 fxg5 21. Rxg5
Rf7 22. Rdg1 Qf6 23. Rxg7+ Qxg7 24. Rxg7+ Kxg7 25. f6+ Kh8 26. Bg4 Rcf8 27. Bf5
Nd7 28. Bg6 Nxf6 29. Bxf7 Rxf7 30. Nd5 Ncxd5 31. exd5 e4 32. Qh3 Re7 33. Qh6
Ng8 34. Qxd6 e3 35. Qb4 e2 36. Qc3+ Rg7 37. Qe5 Nf6 38. Qxe2 Nxd5 39. Qe8+ Rg8
40. Qe5+ 1-0

[Event "Seattle Seafair Open"]
[Site "Chess.com"]
[Date "2020.07.19"]
[Round "?"]
[White "Wan, Bertrand"]
[Black "Talukdar, Rohan"]
[Result "0-1"]
[WhiteElo "1705"]
[BlackElo "2402"]
[PlyCount "56"]
[EventDate "2020.??.??"]

1. e4 c5 2. Nf3 d6 3. d4 cxd4 4. Nxd4 Nf6 5. Nc3 a6 6. Be2 e5 7. Nb3 Be7 8. O-O
O-O 9. Kh1 b6 10. f4 Bb7 11. Bf3 Nbd7 12. f5 b5 13. Qe1 Rc8 14. a3 Nb6 15. g4
d5 16. exd5 e4 17. Nxe4 Nxe4 18. Bxe4 Bxd5 19. Nd2 Rxc2 20. Nf3 Bxe4 21. Qxe4
Rc4 22. Qe2 Rxg4 23. Ne5 Qd5+ 24. Nf3 Bf6 25. h3 Re4 26. Qg2 Nc4 27. Rb1 Rfe8
28. Rg1 Re2 0-1

[Event "Seattle Seafair Open"]
[Site "Chess.com"]
[Date "2020.07.18"]
[Round "?"]
[White "Wang, Felicity"]
[Black "Shubin, Daniel"]
[Result "0-1"]
[WhiteElo "1667"]
[BlackElo "2161"]
[PlyCount "76"]
[EventDate "2020.??.??"]

1. e4 e6 2. d4 d5 3. Nc3 Bb4 4. exd5 exd5 5. Bd3 Nc6 6. a3 Ba5 7. Nge2 Nge7 8.
O-O O-O 9. Ng3 Bb6 10. Nce2 f5 11. c3 Ng6 12. Qc2 Nce7 13. Nf4 Nxf4 14. Bxf4
Ng6 15. Bd2 Qf6 16. Qc1 c6 17. Bg5 Qf7 18. Re1 Bc7 19. Nh5 h6 20. Bd2 Bd7 21.
c4 Be6 22. Bb4 Rfe8 23. b3 Rad8 24. c5 Nh4 25. Nf4 Bc8 26. Qd2 g5 27. Ne2 f4
28. f3 Bh3 29. Nc1 Bxg2 30. Rxe8+ Rxe8 31. Qf2 Bxf3 32. Na2 Qd7 33. Bf1 Qg4+
34. Bg2 Re2 35. h3 Qxg2+ 36. Qxg2 Rxg2+ 37. Kf1 Be2+ 38. Ke1 Nf3# 0-1

[Event "Seattle Seafair Open"]
[Site "Chess.com"]
[Date "2020.07.19"]
[Round "?"]
[White "Wang, Felicity"]
[Black "Malakar, Saarthak"]
[Result "1-0"]
[WhiteElo "1667"]
[BlackElo "1270"]
[PlyCount "141"]
[EventDate "2020.??.??"]

1. e4 c5 2. Nf3 d6 3. Bb5+ Nc6 4. c3 a6 5. Ba4 b5 6. Bc2 d5 7. d4 e6 8. O-O Nf6
9. e5 Nd7 10. Be3 Be7 11. Ne1 cxd4 12. cxd4 Nb4 13. Bb3 a5 14. a3 Nc6 15. f4 a4
16. Bc2 Nb6 17. Nc3 Nc4 18. Bc1 Qb6 19. Nf3 f5 20. exf6 Bxf6 21. Ne2 O-O 22.
Kh1 Bd7 23. Ne5 N6xe5 24. fxe5 Be7 25. Nf4 b4 26. Qh5 Rf5 27. Bxf5 exf5 28.
Nxd5 Qd8 29. Nxe7+ Qxe7 30. Bg5 Qe6 31. Rf3 bxa3 32. bxa3 h6 33. Bf4 g5 34. Rg3
Be8 35. Qf3 Bc6 36. Qc3 Be4 37. h4 g4 38. Qc1 Kf7 39. Bxh6 Rh8 40. Bg5 Ke8 41.
Bf6 Rh5 42. Qc3 f4 43. d5 Qxd5 44. Rxg4 f3 45. Qb4 fxg2+ 46. Kh2 Rxe5 47. Qb8+
Kf7 48. Bxe5 Nxe5 49. Qg8+ Kf6 50. Rf4+ Ke7 51. Qxd5 Bxd5 52. Re1 Kd6 53. Rf6+
Ke7 54. Rf5 Kd6 55. Rfxe5 Ba8 56. Re8 Bf3 57. R1e3 Bb7 58. Rd3+ Kc7 59. Re7+
Kc8 60. Rxb7 Kxb7 61. Rc3 Kb6 62. Kxg2 Kb5 63. Kf3 Kb6 64. Ke4 Kb5 65. Kd5 Kb6
66. Rc5 Kb7 67. Rc6 Ka7 68. Kd6 Kb7 69. Rc4 Kb6 70. Rb4+ Ka5 71. Kc6 1-0